La Educación del Género Humano
G.E Lessing (1729-1781), autor alemán clave de la ilustración europea, cuyos intereses cubrieron ámbitos tan distintos como el teatro, la teología y la crítica literaria, defendió con ardor la libertad de pensamiento y la búsqueda imparcial de la verdad, polemizando con las fuerzas conservadoras de...
Guardado en:
| Autor principal: | |
|---|---|
| Otros Autores: | |
| Formato: | Libro |
| Publicado: |
Santiago, Chile
Ediciones Tácitas Limitada
2017
|
| Materias: | |
| Etiquetas: |
Agregar Etiqueta
Sin Etiquetas, Sea el primero en etiquetar este registro!
|
MARC
| LEADER | 00000nam a22000005a 4500 | ||
|---|---|---|---|
| 003 | CL-ChUAC | ||
| 005 | 20260217154513.0 | ||
| 007 | ta | ||
| 008 | 180328s2017 cl ||||| |||| 000||spa | ||
| 020 | |a 978-956-379-004-7 | ||
| 040 | |a CL-ChBUA |c CL-ChBUA |e rda |b spa | ||
| 082 | 0 | 0 | |2 22 |a 201 |
| 100 | 1 | |a Lessing, Gotthold Ephraim |e autor | |
| 245 | 1 | 3 | |a La Educación del Género Humano |c Gorrhold Ephraim Lessing |
| 260 | |a Santiago, Chile |b Ediciones Tácitas Limitada |c 2017 | ||
| 300 | |a 109 páginas |c 19 cm | ||
| 336 | |2 rdacontent |a text |b txt | ||
| 337 | |2 rdamedia |a unmediated |b n | ||
| 338 | |2 rdacarrier |a volume |b nc | ||
| 504 | |a índice, notas | ||
| 520 | 3 | |a G.E Lessing (1729-1781), autor alemán clave de la ilustración europea, cuyos intereses cubrieron ámbitos tan distintos como el teatro, la teología y la crítica literaria, defendió con ardor la libertad de pensamiento y la búsqueda imparcial de la verdad, polemizando con las fuerzas conservadoras de su tiempo. En la educación del género humano (1780) propone un monoteísmo desmitologizado cuya presentación mitológica en la Biblia él entiende como un recurso didáctico dirigido a una humanidad inmadura. La traductora Carla Cordua obtuvo el Premio Nacional de Humanidades en 2011 | |
| 600 | 4 | |a Lessing, Gotthold Ephraim |d 1729 - 1981 |x CRITICA E INTERPRETACION | |
| 650 | 4 | |a FILOSOFIA DE LA RELIGION | |
| 700 | 1 | |a Cordua, Carla |e traducción; introducción; notas | |
| 942 | |2 ddc |c LIB | ||
| 945 | |0 nac | ||
| 952 | |0 0 |1 0 |2 ddc |4 0 |6 201_000000000000000_L_639 |7 0 |9 1159712 |a UNACH |b UNACH |c 200 |d 2018-03-28 |i 62.323 |l 0 |o 201 / L 639 |p 97404 |r 2018-03-28 00:00:00 |t 1 |w 2018-03-28 |y LIB | ||
| 999 | |c 2281945 |d 2281945 | ||